Gemeinden von Reutte - Statistiken

Allgemein
  • Dieses Quiz wurde 371 mal gespielt
  • Das Durchschnittsergebnis liegt bei 17 aus 37
Antwortstatistiken
Einwohner Gemeinde % Korrekt
6.772 Reutte
89%
2.585 Ehrwald
75%
1.517 Vils
63%
564 Berwang
57%
1.158 Lermoos
57%
612 Biberwier
56%
531 Heiterwang
56%
781 Bichlbach
54%
294 Jungholz
53%
872 Elbigenalp
51%
41 Gramais
51%
74 Namlos
48%
1.100 Tannheim
48%
612 Bach
47%
76 Kaisers
47%
93 Hinterhornbach
46%
2.132 Lechaschau
46%
450 Schattwald
46%
246 Vorderhornbach
45%
667 Steeg
44%
1.261 Weißenbach am Lech
43%
1.464 Breitenwang
42%
825 Ehenbichl
40%
1.422 Pflach
40%
370 Elmen
39%
599 Grän
39%
686 Häselgehr
39%
1.208 Höfen
37%
404 Holzgau
37%
387 Musau
37%
261 Forchach
36%
459 Nesselwängle
36%
406 Pinswang
36%
465 Stanzach
36%
942 Wängle
36%
226 Zöblen
35%
108 Pfafflar
31%
Keine übereinstimmenden Quizze gefunden
Verteilung der Resultate
Anzahl Personen mit jedem Resultat
Perzentil nach korrekt beantworteten Fragen
Ihre Resultats-Entwicklung
Sie haben dieses Quiz noch nicht gespielt